| 000 | 00856nas a2200277 4500 | ||
|---|---|---|---|
| 001 | BR0003935 | ||
| 003 | BR-BrBNA | ||
| 005 | 20231205101950.0 | ||
| 007 | ta | ||
| 008 | 230509b bl.|||p| |||| 00| 00por d | ||
| 040 |
_aBR-BrBNA _bpor _cBiblioteca Nacional de Agricultura |
||
| 041 | _a(Pt) | ||
| 072 | _aF06 | ||
| 100 | 1 | _aAguiar Netto, A. de O. | |
| 100 | 1 | _aRodrigues, J.D. | |
| 100 | 1 | _aPinho, S.Z. de | |
| 245 | 1 | _aAnalise de crescimento na cultura da batata submetida a diferentes laminas de irrigacao | |
| 650 | _aBatata | ||
| 650 | _aArea Foliar | ||
| 650 | _aTaxa de Crescimento | ||
| 650 | _aLatossolo Vermelho Escuro | ||
| 650 | _aIrrigacao | ||
| 773 | 0 |
_tPesquisa Agropecuaria Brasileira (Brazil) _xISSN 0100-204X _g(May 2000), v. 35(5) p. 901-907 _wBR0003935 |
|
| 909 |
_a202311 _bLúcia _c55 _dLúcia Elande |
||
| 942 |
_2AGRIS _n0 _cANA |
||
| 999 |
_c164983 _d164983 |
||